| 000 | 00547nam a22001817a 4500 | ||
|---|---|---|---|
| 005 | 20251108173116.0 | ||
| 008 | 250721s2004 xx 000 0 ara d | ||
| 020 | _a9776086411 | ||
| 082 | 1 | 4 | _aم/216.703/بدر |
| 100 | 1 | _aالبدري، رمضان | |
| 245 | 1 | 0 | _aمعجم الكبائر و الصغائر : عربي - انجليزي / |
| 264 | 1 |
_aالقاهرة : _bالدار العالمية، _c2004. |
|
| 300 | _a183ص | ||
| 650 | 1 | 7 | _aالفقه الإسلامي |
| 650 | 1 | 7 | _aالقواميس |
| 942 |
_2ddc _cREF |
||
| 999 |
_c96265 _d96265 |
||